| 000 | 00618nai a22001937a 4500 | ||
|---|---|---|---|
| 003 | OSt | ||
| 005 | 20170602114013.0 | ||
| 008 | 170321b xxu||||| |||| 00| 0 eng d | ||
| 022 | _a07977-888X | ||
| 040 |
_aBMC _cBMC |
||
| 082 | _a338.1 | ||
| 245 | 0 | 0 |
_aBiodiversidad, sustento y culturas _b: octubre _cCarmen Améndola, editora |
| 260 |
_aBarcelona _bREDES-AT _bGRAIN _c2007 |
||
| 300 |
_a76 p. _c28 cm |
||
| 490 |
_aRedes, amigos de la tierra _v54 |
||
| 505 | _aContiene: El furor de quemar el futuro.- Los agrocumbustibles.- Los cultivos energéticos.- | ||
| 650 | 2 | 4 |
_96390 _aAgricultura integrada |
| 942 |
_2ddc _cPR |
||
| 999 |
_c27641 _d27641 |
||